Countries with the Shortest People - Statistics

General Stats
  • This quiz has been taken 10 times
  • The average score is 3 of 10
Answer Stats
Hint Answer % Correct
62.2 in Indonesia
83%
63.82 Vietnam
50%
64.17 Nepal
33%
64.57 Peru
33%
64.41 Sri Lanka
33%
62.9 Bolivia
17%
63.98 Cambodia
17%
63.7 Phillipines
17%
64.37 Ecudaor
0%
64.49 Nigeria
0%
No matching quizzes found
Score Distribution
Percent of People with Each Score
Percentile by Number Answered
Your Score History
You have not taken this quiz